00456cam a2200169ua 45000010005000000080039000050400009000440820012000531000029000652450057000942500009001512600035001603000017001956530013002126530022002256530039002472534110912n ii |||gr||||Z||||||asm cMAIN a491.451 aGoswami, Jatin,eAuthor.1 aAsamiya bhasa aru sahityar itihashcby Jatin Goswami a1st. aGuahati:bJoya Prakashan,988. a387p:c23cm. aLanguage aAssamese Language aAsamiya bhasa aru sahityar itihash